000 00595nam a2200217Ia 4500
003 GCL
008 140319s9999 xx 000 0 ara d
040 _aGCL /
_cGCL
082 0 4 _aط
_b962
_bا ا
100 1 _aاحمد نجيب
245 1 0 _aارض الابطال /
_cاحمد نجيب
700 1 _aمنى ربيع
300 _a16 ص
490 _aمصر ام الدنيا
_v0
650 0 4 _aمصر
650 0 4 _aالاطفال
650 0 4 _aالفراعنة
650 0 4 _aالتاريخ الاسلامى - مصر
650 0 4 _aمصر القديمة - تاريخ
942 _2ddc
_cBK
999 _c50597
_d50597